ბათუმის შოთა რუსთაველის სახელმწიფო უნივერსიტეტის ბიბლიოთეკა

Конституционное право Зарубужных государств (Общая часть). Учубное пособие. (ბიბ.ჩანაწერი № 35956)

000 -LEADER
fixed length control field 00753nam a2200217Ia 4500
001 - CONTROL NUMBER
control field 1855
003 - CONTROL NUMBER IDENTIFIER
control field GE_BSU
008 - FIXED-LENGTH DATA ELEMENTS--GENERAL INFORMATION
fixed length control field 181216s||||||||xx |||||||||||||| ||und||
010 ## - LIBRARY OF CONGRESS CONTROL NUMBER
LC control number 5895029604
040 ## - CATALOGING SOURCE
Transcribing agency GE_BSU
080 ## - UNIVERSAL DECIMAL CLASSIFICATION NUMBER
Universal Decimal Classification number 342.4(075.8)
100 ## - MAIN ENTRY--PERSONAL NAME
Personal name Майфет,Ю.Ю;.Фролова,М,А;
245 ## - TITLE STATEMENT
Title Конституционное право Зарубужных государств (Общая часть). Учубное пособие.
260 ## - PUBLICATION, DISTRIBUTION, ETC.
Place of publication, distribution, etc. Москва
260 ## - PUBLICATION, DISTRIBUTION, ETC.
Name of publisher, distributor, etc. Московский психолого-социальный Ин-ут.
260 ## - PUBLICATION, DISTRIBUTION, ETC.
Date of publication, distribution, etc. 2006
300 ## - PHYSICAL DESCRIPTION
Extent 192 с. 20 см.
653 ## - INDEX TERM--UNCONTROLLED
Uncontrolled term Конституционное право Зарубужных государств
942 ## - ADDED ENTRY ELEMENTS (KOHA)
Koha item type წიგნი
ეგზემპლარები
Withdrawn status Lost status Damaged status Not for loan Date acquired Barcode Date last seen Price effective from Koha item type
        2018-12-17 3752 2018-12-17 2018-12-17 წიგნი